Villes de l'Aube en images - Statistiques

Statistiques générales
  • Ce quiz a été pris 65 fois
  • Le résultat moyen est 7 sur 18
Statistiques - réponses
Par images Hint Réponse % Correct
T Troyes
98%
B Bar-sur-Aube
74%
N Nogent-sur-Seine
66%
R Romilly-sur-Seine
64%
(Les) R Les Riceys
54%
B Brienne-le-Château
44%
B Bar-sur-Seine
42%
D Dienville
40%
L Lusigny-sur-Barse
40%
E Essoyes
34%
S Sainte-Savine
32%
P Piney
28%
S Saint-André-les-Vergers
28%
A Aix-en-Othe
22%
C Chaource
20%
E Ervy-le-Châtel
18%
L Lesmont
8%
M Mussy-sur-Seine
4%
Aucun quiz correspondant
Distribution des résultats
% des personnes avec chaque résultat
Percentile par nombre de réponses
Votre historique - résultats
Vous n’avez pas pris ce quiz